00536 2200205 4500001002100000005001500021035002000036007000300056008004100059020002200100082001000122084001500132245004900147260003900196300002800235700001500263504001600278600002600294990001000320INLIS00000000000198120250303093202 a0010-0325000014ta250303 g 1 ind  a978-979-28-1771-3 aF/813 aF/813 KUM aKumpulan Crita Kancil :bFiksi /cRiana Wati aKlaten :bPT Intan Pariwara,c2014 a76 hlm :bilus ;c25 Cm0 aRiana Wati aBibliografi 4aKumpulan Crita Kancil a03718